Kreikan aakkoset - Statistics

Yleistilastot
  • Tätä visaa on pelattu 925 kertaa
  • Keskiarvotulos 10 / 24
Vastaustilastot
Kirjain % Oikein
Alfa
98%
Beeta
91%
Gamma
78%
Delta
76%
Oomega
72%
Pii
47%
Epsilon
46%
Sigma
43%
Myy
35%
Ypsilon
34%
Rhoo
32%
Lambda
31%
Theeta
28%
Eeta
25%
Ksii
25%
Omikron
25%
Kappa
24%
Nyy
24%
Fii
23%
Zeeta
22%
Ioota
20%
Tau
20%
Psii
19%
Khii
16%
Ehtoja vastaavia visoja ei löytynyt
Tulosjakauma
Jokaisen tuloksen saaneiden osuus
Persentiili vastausten määrän mukaan
Tuloshistoriasi
Et ole pelannut tätä visaa